000 00460nam a2200157 i 4500
001 76961
003 ES-MaACL
005 20230906173032.0
007 t|
008 041006s1935 fr ||||1| fre d
100 1 _aGurvitch, Georges.
_961006
245 1 2 _aL'experience juridique et la philosophie pluraliste du droit /
_cGeorges Gurvitch.
260 _aParis :
_b[s.n.,
_c1935] (
_fLiƩge G. Thone)
300 _a299 p. ;
_c25 cm.
852 _aES-MaACL
_jA-3784
999 _c76961
_d76961